| 000 | 00833cam a2200241 4500 | ||
|---|---|---|---|
| 001 | ABS63426 | ||
| 008 | 000000n2001 000 0 eng u | ||
| 035 | _a(Sirsi) u110738 | ||
| 100 | _aFogleman, V. | ||
| 245 | _aCome clean on sales | ||
| 260 | _c2001 | ||
| 490 |
_aEstates Gazette _v(0104) 27 January 2001, 134-135(2) |
||
| 520 | _aLooks at the possibilities for the transfer of liability to remediate contaminated land and the criteria that must be fulfilled before that land can be sold or let without remediation having taken place. | ||
| 590 | _aABS | ||
| 650 | _aBROWNFIELD SITES | ||
| 650 | _aCONTAMINATED LAND | ||
| 650 | _aENVIRONMENTAL PROTECTION ACT 1990 PART IIA | ||
| 650 | _aLIABILITY | ||
| 650 | _aPROPERTY TRANSACTIONS | ||
| 650 | _aREMEDIATION | ||
| 690 | _aENVIRONMENT-CONTAMINATION | ||
| 942 | _n0 | ||
| 999 |
_c66003 _d66003 |
||